00211nam a2200085Ia 4500008004100000100001700041245003200058260002600090260000900116170620s9999 xx 000 0 und d aSibia- Anjum 0aValuing Teacher Questioning bNew Delhi- N.C.E.R.T. c1998